[Event "AUTO-ELITE-1805"]
[Site "http://www.queenalice.com/game.php?id=1469498"]
[Date "2017.3.19"]
[Round "1"]
[White "FabioDavid"]
[Black "priit57"]
[Result "1/2-1/2"]
[WhiteElo "2496"]
[BlackElo "2673"]

1. b3 g6 2. Bb2 Nf6 3. g3 Nc6 4. Nf3 Bg7 5. Bg2 d5 6. d4 O-O 7. O-O Ne4 8. Nbd2
a5 9. Nxe4 dxe4 10. Ne5 Nxe5 11. dxe5 Bf5 12. Qc1 a4 13. Qe3 Qd5 14. c4 Qc6 15.
h3 h5 16. g4 hxg4 17. hxg4 Bxg4 18. Bxe4 Qe6 19. Bxb7 Rab8 20. Bd5 Qf5 21. Rfb1
axb3 22. axb3 c5 23. Bc3 Qh5 24. Kg2 Be6 25. Rb2 Bxd5+ 26. cxd5 Rb4 27. Bxb4
Bxe5 28. Rh1 Qg4+ 29. Kf1 Bxb2 30. Qxc5 Ra8 31. f3 Ra1+ 32. Be1 Qf5 33. Kf2 Bf6
34. Qb4 Rc1 35. d6 exd6 36. Qxd6 Qe5 37. Qxe5 Bxe5 38. b4 Bc3 39. Rg1 Bd4+ 40.
e3 Rc2+ 41. Kf1 Bxe3 42. Rg2 Rxg2 43. Kxg2 Kf8 44. Bf2 Bxf2 45. Kxf2 Ke7 46. Ke3
g5 47. f4 gxf4+ 1/2-1/2

[Event "AUTO-ELITE-1805"]
[Site "http://www.queenalice.com/game.php?id=1469499"]
[Date "2017.3.19"]
[Round "1"]
[White "priit57"]
[Black "FabioDavid"]
[Result "1-0"]
[WhiteElo "2668"]
[BlackElo "2496"]

1. c4 f5 2. Nf3 e6 3. g3 Nf6 4. Bg2 Be7 5. O-O O-O 6. d4 d6 7. Qc2 Bd7 8. Nc3
Na6 9. e4 Nxe4 10. Nxe4 Nb4 11. Qb1 fxe4 12. Qxe4 d5 13. Qe2 Bf6 14. b3 c5 15.
Bb2 dxc4 16. bxc4 Be8 17. Rad1 Qe7 18. dxc5 Bxb2 19. Qxb2 Na6 20. Nd4 Nxc5 21.
Qa3 Rf7 22. Rfe1 Qf8 23. Re5 Rc7 24. Bh3 Bf7 25. Qe3 Rd8 26. Kg2 b6 27. Bxe6 1-0

[Event "AUTO-ELITE-2022"]
[Site "http://www.queenalice.com/game.php?id=1539473"]
[Date "2018.8.20"]
[Round "1"]
[White "Lamorteoscura77"]
[Black "priit57"]
[Result "0-1"]
[WhiteElo "2267"]
[BlackElo "2683"]

1. e4 e5 2. d4 exd4 3. f4 Bb4+ 4. Nd2 d5 5. e5 Be7 6. Ngf3 c5 7. b4 c4 8. Nxd4
Nc6 9. Nxc6 bxc6 10. c3 a5 11. bxa5 Qxa5 12. Bb2 Rb8 13. Qc1 Nh6 14. Be2 Nf5 15.
O-O h5 16. a4 Qb6+ 17. Kh1 h4 18. Ba3 Ng3+ 0-1

[Event "AUTO-ELITE-2022"]
[Site "http://www.queenalice.com/game.php?id=1539474"]
[Date "2018.8.20"]
[Round "1"]
[White "priit57"]
[Black "Lamorteoscura77"]
[Result "1-0"]
[WhiteElo "2690"]
[BlackElo "2239"]

1. d4 d5 2. c4 Nc6 3. cxd5 Qxd5 4. e3 e5 5. Nc3 Bb4 6. a3 Bxc3+ 7. bxc3 Nf6 8.
c4 Qd6 9. d5 Ne7 10. a4 Bf5 11. Nf3 O-O 12. Ba3 Qd8 13. Be2 Re8 14. O-O Ng6 15.
Nd2 e4 16. Qb1 b6 17. a5 Ng4 18. Bb2 Qh4 19. h3 Nxe3 20. fxe3 Bxh3 21. Rf2 Bg4
22. axb6 cxb6 23. Bxg4 Qxg4 24. Ra3 Nh4 25. Qa1 f5 26. Bd4 g5 27. Rxa7 1-0

[Event "AUTO-ELITE-2022"]
[Site "http://www.queenalice.com/game.php?id=1539481"]
[Date "2018.8.20"]
[Round "1"]
[White "priit57"]
[Black "Norfair"]
[Result "1/2-1/2"]
[WhiteElo "2691"]
[BlackElo "2568"]

1. d4 Nf6 2. c4 e6 3. Nf3 d5 4. g3 Be7 5. Bg2 O-O 6. O-O dxc4 7. Qc2 a6 8. a4 c5
9. dxc5 Bxc5 10. Nbd2 b5 11. Ne4 Nxe4 12. Qxe4 Ra7 13. axb5 axb5 14. Rxa7 Bxa7
15. Ng5 f5 16. Qa8 Qe7 17. Bf4 Na6 18. Qc6 Qc5 19. Qxc5 Bxc5 20. Bc6 b4 21. Be5
Be7 22. Nf3 Nc5 23. Bb5 Ba6 24. Bxa6 Nxa6 25. Ra1 Nc5 26. Ra7 Rf7 27. Nd2 Bf6
28. Ra8+ Rf8 29. Rxf8+ Kxf8 30. Bxf6 gxf6 31. Nxc4 Ke7 32. Kf1 Kd7 33. Ke1
1/2-1/2

[Event "AUTO-ELITE-2022"]
[Site "http://www.queenalice.com/game.php?id=1539482"]
[Date "2018.8.20"]
[Round "1"]
[White "Norfair"]
[Black "priit57"]
[Result "0-1"]
[WhiteElo "2586"]
[BlackElo "2684"]

1. e4 e5 2. Nf3 Nc6 3. Bb5 a6 4. Ba4 Be7 5. O-O Nf6 6. Re1 b5 7. Bb3 O-O 8. h3
Bb7 9. d3 d5 10. exd5 Nxd5 11. a4 Nd4 12. Nxd4 exd4 13. axb5 axb5 14. Rxa8 Bxa8
15. Nd2 c5 16. Nf3 Bd6 17. Bxd5 Bxd5 18. b4 Qb6 19. bxc5 Qxc5 20. Bb2 Qb4 21.
Qc1 Bxf3 22. gxf3 Bc5 23. Re4 h6 24. Rg4 Re8 25. Kf1 f5 26. Rg6 Bf8 0-1

[Event "AUTO-ELITE-2022"]
[Site "http://www.queenalice.com/game.php?id=1555052"]
[Date "2019.1.2"]
[Round "2"]
[White "priit57"]
[Black "Kuarwaki"]
[Result "1/2-1/2"]
[WhiteElo "2689"]
[BlackElo "2763"]

1. e4 e5 2. Nf3 Nc6 3. Bb5 a6 4. Ba4 Nf6 5. O-O Be7 6. Re1 b5 7. Bb3 O-O 8. c3
d5 9. exd5 Nxd5 10. Nxe5 Nxe5 11. Rxe5 c6 12. d4 Bd6 13. Re1 Qh4 14. g3 Qh3 15.
Re4 g5 16. Qf1 Qxf1+ 17. Kxf1 Bf5 18. Re1 Rae8 19. Be3 Bd3+ 20. Kg1 f5 21. Bd2
Rxe1+ 22. Bxe1 Kg7 23. Bxd5 cxd5 24. Nd2 Re8 25. Nb3 Re2 26. Bd2 f4 27. Re1 Kf6
28. Rxe2 Bxe2 29. Bc1 Kf5 30. Nc5 a5 31. Kg2 f3+ 32. Kg1 g4 33. Nb7 Bc7 34. Bh6
Ke4 35. Nc5+ Kf5 36. Bd2 a4 37. Bh6 Bd6 38. b3 axb3 39. axb3 Be7 40. b4 Kg6 41.
Be3 1/2-1/2

[Event "AUTO-ELITE-2022"]
[Site "http://www.queenalice.com/game.php?id=1555053"]
[Date "2019.1.2"]
[Round "2"]
[White "Kuarwaki"]
[Black "priit57"]
[Result "1/2-1/2"]
[WhiteElo "2756"]
[BlackElo "2690"]

1. d4 Nf6 2. c4 e6 3. Nf3 d5 4. Bg5 dxc4 5. Nc3 a6 6. a4 Nc6 7. e3 Na5 8. Be2 h6
9. Bxf6 Qxf6 10. O-O Bb4 11. Ne5 O-O 12. Nxc4 Nxc4 13. Bxc4 b6 14. Bd3 Bb7 15.
Be4 Bxe4 16. Nxe4 Qf5 17. Ng3 Qd5 18. Rc1 Rfc8 19. Qg4 Bf8 20. Nh5 Kh8 21. Nf4
Qe4 22. Qf3 Qxf3 23. gxf3 c5 24. dxc5 Bxc5 25. Nd3 Bd6 26. f4 g5 27. Kg2 gxf4
28. exf4 Kg7 29. Kf3 a5 30. Rg1+ Kf8 31. Rxc8+ Rxc8 32. Rc1 Rb8 33. b3 b5 34.
Rc6 Ke7 35. Ra6 bxa4 36. bxa4 Rb3 37. Ke2 Bc7 38. Rc6 Kd7 39. Rc4 Kd8 40. h4 h5
41. Ne5 Rb2+ 42. Kf3 f6 43. Nd3 Rb3 44. Ke2 f5 45. Rc2 Rb6 1/2-1/2

[Event "AUTO-ELITE-2100"]
[Site "http://www.queenalice.com/game.php?id=1564533"]
[Date "2019.3.16"]
[Round "1"]
[White "Sexxy_Bunny"]
[Black "priit57"]
[Result "1/2-1/2"]
[WhiteElo "2799"]
[BlackElo "2695"]

1. e4 e5 2. Nf3 Nc6 3. Bb5 a6 4. Ba4 Be7 5. O-O Nf6 6. Re1 b5 7. Bb3 O-O 8. c3
d6 9. h3 Bb7 10. d4 Re8 11. Nbd2 Bf8 12. d5 Nb8 13. Nf1 Nbd7 14. N3h2 c6 15.
dxc6 Bxc6 16. Bg5 Qc7 17. Qf3 a5 18. Rad1 Qb7 19. Ng3 a4 20. Bc2 b4 21. Nf5 Re6
22. Bxf6 Nxf6 23. Ng4 Nd7 24. Nge3 g6 25. Ng3 Nc5 26. cxb4 Qxb4 27. b3 axb3 28.
Bxb3 Nxb3 29. axb3 Qxb3 30. Rb1 Qd3 31. Rec1 Ree8 32. Qg4 Rad8 33. Rd1 Qa3 34.
Nh5 Be7 35. Ra1 Qb3 36. Ra7 Bb7 37. Rc1 Qb6 38. Rxb7 Qxb7 39. Nd5 f5 40. Qd1 Rc8
41. Nhf6+ Bxf6 42. Nxf6+ Kf8 43. Rb1 Qe7 44. Nxe8 Rxe8 45. exf5 gxf5 46. Rb6 Rd8
47. Qh5 Qf7 48. Qh6+ Ke7 49. Kh2 Qg6 50. Qh4+ Ke8 51. Rb7 Rd7 52. Rb8+ Kf7 53.
Qc4+ Kf6 54. Rf8+ Rf7 55. Rd8 Kg7 56. Qc6 Rf6 57. Rd7+ Kh6 58. g3 e4 59. Qd5 Re6
60. Qd2+ e3 61. fxe3 Qf6 62. e4+ Kg6 63. exf5+ Qxf5 64. Rxd6 h5 65. Rxe6+ Qxe6
66. Qd3+ Kg7 67. h4 Qa2+ 68. Kg1 Qa1+ 69. Kf2 Qa7+ 70. Kf3 Qf7+ 71. Ke3 Qa7+ 72.
Qd4+ Qxd4+ 73. Kxd4 Kf6 74. Ke4 Ke6 75. Kf4 Kf6 76. g4 hxg4 77. Kxg4 Kg7 78. Kg5
Kh8 79. h5 Kg7 80. h6+ Kh8 81. Kg6 Kg8 82. h7+ Kh8 83. Kh6 1/2-1/2

[Event "AUTO-ELITE-2100"]
[Site "http://www.queenalice.com/game.php?id=1564534"]
[Date "2019.3.16"]
[Round "1"]
[White "priit57"]
[Black "Sexxy_Bunny"]
[Result "1/2-1/2"]
[WhiteElo "2692"]
[BlackElo "2775"]

1. d4 Nf6 2. c4 e6 3. Nf3 d5 4. g3 dxc4 5. Bg2 a6 6. O-O Nc6 7. e3 Bd7 8. Qe2 b5
9. b3 cxb3 10. axb3 Be7 11. Bb2 O-O 12. Rc1 Nb4 13. Ne5 Rc8 14. Na3 c5 15. dxc5
Rxc5 16. Rxc5 Bxc5 17. Nc2 Nxc2 18. Qxc2 Qb6 19. Rd1 Be8 20. Rc1 Bd6 21. Qd2 Qb8
22. Nc6 Bxc6 23. Rxc6 Be5 24. Rxa6 Bxb2 25. Qxb2 b4 26. Bf3 Qb5 27. Rc6 Nd7 28.
Rd6 Ne5 29. Be2 Qa5 30. Qd4 h6 31. Kg2 1/2-1/2

[Event "AUTO-ELITE-2100"]
[Site "http://www.queenalice.com/game.php?id=1564539"]
[Date "2019.3.16"]
[Round "1"]
[White "BEBADO"]
[Black "priit57"]
[Result "0-1"]
[WhiteElo "2272"]
[BlackElo "2694"]

1. e4 e5 2. Nf3 Nc6 3. d4 exd4 4. Nxd4 Nf6 5. Nxc6 bxc6 6. e5 Qe7 7. Qe2 Nd5 8.
c4 Ba6 9. b3 g6 10. f4 d6 11. Qf2 Nf6 12. Be2 dxe5 13. O-O Ne4 14. Qe1 Qc5+ 15.
Kh1 Qd4 16. Bf3 Qxa1 17. Qa5 Bb4 18. Qxa6 Nf2+ 19. Rxf2 O-O 20. Qxc6 Qxb1 21.
Rf1 Rae8 22. Qxc7 Re7 23. Qc6 exf4 24. Qf6 Qd3 25. Rg1 Re1 26. Bb2 Rxg1+ 27.
Kxg1 Qe3+ 0-1

[Event "AUTO-ELITE-2100"]
[Site "http://www.queenalice.com/game.php?id=1564540"]
[Date "2019.3.16"]
[Round "1"]
[White "priit57"]
[Black "BEBADO"]
[Result "1-0"]
[WhiteElo "2691"]
[BlackElo "2261"]

1. d4 Nf6 2. c4 c5 3. d5 e6 4. Nc3 exd5 5. cxd5 d6 6. e4 g6 7. Bd3 Bg7 8. Nge2
O-O 9. O-O Re8 10. Ng3 Na6 11. Bf4 Nc7 12. a4 b6 13. Qd2 Ba6 14. Bxa6 Nxa6 15.
f3 Nc7 16. Bg5 Qe7 17. Rad1 Qf8 18. f4 h6 19. Bxf6 Bxf6 20. e5 dxe5 21. Nce4 Bg7
22. f5 1-0

[Event "USA & EUROPE"]
[Site "http://www.queenalice.com/game.php?id=1576393"]
[Date "2019.7.4"]
[Round "1"]
[White "fontaine"]
[Black "priit57"]
[Result "1/2-1/2"]
[WhiteElo "2674"]
[BlackElo "2697"]

1. e4 c5 2. c3 Nf6 3. Qc2 e5 4. Nf3 Nc6 5. d4 exd4 6. Bc4 Be7 7. O-O O-O 8. Rd1
d5 9. exd5 Nxd5 10. cxd4 cxd4 11. Nc3 Ndb4 12. Qe4 Bf6 13. Be3 Re8 14. Qf4 Be6
15. Bxe6 fxe6 16. Ne4 e5 17. Qg3 Kh8 18. a3 Na6 19. Bg5 Rf8 20. Rac1 Nc7 21. Qh3
Qd5 22. Re1 Rf7 23. Qh5 Kg8 24. Bxf6 gxf6 25. Nh4 Raf8 26. Nf5 Kh8 27. Ned6 Rd7
28. Qh6 Qg8 29. Nxb7 Ne7 30. Qh5 Ne6 31. Nc5 Nxc5 32. Nxe7 Rxe7 33. Rxc5 Qb3 34.
Rb1 Qe6 35. Qh6 Rd8 36. Rd1 Rg7 37. g3 1/2-1/2

[Event "AUTO-ELITE-2100"]
[Site "http://www.queenalice.com/game.php?id=1591959"]
[Date "2019.12.3"]
[Round "2"]
[White "priit57"]
[Black "greggy"]
[Result "1/2-1/2"]
[WhiteElo "2697"]
[BlackElo "2824"]

1. e4 c5 2. Nf3 Nc6 3. d4 cxd4 4. Nxd4 Nf6 5. Nc3 e5 6. Ndb5 d6 7. Bg5 a6 8. Na3
b5 9. Bxf6 gxf6 10. Nd5 f5 11. Bd3 Be6 12. c3 Bg7 13. Qh5 O-O 14. exf5 Bxd5 15.
f6 h6 16. fxg7 Kxg7 17. Nc2 Be6 18. O-O Qg5 19. Qd1 f5 20. Re1 e4 21. Be2 f4 22.
Kh1 Rf6 23. Nd4 Bd7 24. a4 bxa4 25. Qxa4 Ne5 26. Qc2 Re8 27. f3 e3 28. Bxa6 Rg6
29. b4 Kh8 30. Ra2 Reg8 31. Rea1 R6g7 32. Qe4 h5 33. Qb1 d5 34. Qf1 h4 35. h3
Qg6 36. Rd1 Kh7 37. Rda1 Kh8 38. Rd1 Kh7 39. Bb5 Bxb5 40. Nxb5 Nc4 41. Qe2 Nd2
42. Rg1 Qf5 43. Rxd2 exd2 44. Qxd2 Re7 45. Nd4 Qg5 46. b5 Rge8 47. Qd1 Re3 48.
Nc2 Rxc3 49. Nb4 Qf5 50. b6 d4 51. Kh2 d3 52. Qa1 Rc5 53. Qd4 d2 54. Qxd2 Rb5
55. Qd6 Qc5 56. Qd3+ Qf5 57. Qc4 Rc8 58. Qd4 Rg8 59. Qc4 Rc8 60. Qe2 Rxb6 61.
Qe7+ Kg8 62. Rd1 Rh6 63. Rd5 Qf6 64. Qe4 Qg6 65. Qxf4 Rf8 66. Qg4 Qxg4 67. hxg4
h3 68. Rg5+ Kh7 69. Rc5 hxg2+ 70. Kxg2 Rhf6 71. Rc3 Re8 72. Ra3 Rd6 73. Kf2 Red8
74. Kg3 Kg6 75. Ra5 Kf7 76. Nc2 Rd3 77. Nb4 Rd1 78. Nc2 R8d3 79. Nb4 Rd6 80. Rc5
Rg1+ 81. Kf2 Rgd1 82. Kg3 Rg1+ 83. Kh2 Rgd1 84. Nc6 1/2-1/2

[Event "AUTO-ELITE-2100"]
[Site "http://www.queenalice.com/game.php?id=1591960"]
[Date "2019.12.3"]
[Round "2"]
[White "greggy"]
[Black "priit57"]
[Result "1-0"]
[WhiteElo "2821"]
[BlackElo "2700"]

1. d4 Nf6 2. c4 g6 3. Nc3 Bg7 4. e4 d6 5. Nf3 O-O 6. Be2 e5 7. O-O Nc6 8. d5 Ne7
9. a4 a5 10. Ne1 Nd7 11. Nd3 b6 12. f3 f5 13. Bd2 h6 14. b3 Kh7 15. Nb5 Nc5 16.
Nxc5 bxc5 17. Ra2 c6 18. Nc3 Rb8 19. Be1 f4 20. Rd2 Rf6 21. g4 Bf8 22. Bf2 Rb6
23. dxc6 Rxc6 24. Nb5 Ng8 25. Qa1 Re6 26. Rfd1 Nf6 27. Bf1 Ne8 28. Na7 Ra6 29.
Nb5 Qb6 30. h4 Qb8 31. g5 Re7 32. gxh6 Kxh6 33. Qb2 Rf7 34. Be1 Bd7 35. Rh2 Qc8
36. Bc3 Rh7 37. Qg2 Be7 38. Rd3 Bf6 39. Qd2 Be6 40. Kf2 Qd7 41. Ke1 Kg7 42. Kd1
Kf8 43. Qg2 Qe7 44. Be1 Bf7 45. Qg4 Ra8 46. Kc1 Rh5 47. Kb2 Kg8 48. Rd1 Kf8 49.
Ka2 Kg7 50. Kb2 Kf8 51. Rh1 Rh6 52. Bf2 Rh5 53. Be1 Qd8 54. Qg1 Bxh4 55. Bxh4
Rxh4 56. Nxd6 Nxd6 57. Rxh4 Qxh4 58. Qxc5 Kg8 59. Rxd6 Qh2+ 60. Kb1 Re8 61. Rd1
Qg3 62. Be2 Qh2 63. Rd2 g5 64. Qxa5 Qh1+ 65. Kb2 g4 66. fxg4 f3 67. Bd3 Qg1 68.
Kc2 Bg6 69. Rd1 Qxg4 70. Qd5+ Kg7 71. Rf1 Qf4 72. c5 Bf7 73. Qd7 Qg5 74. Qh3 Qf6
75. Rxf3 Qe6 76. Qg2+ Bg6 77. Bc4 Qe7 78. Rf7+ Qxf7 79. Bxf7 Kxf7 80. b4 Kf6 81.
b5 Ra8 82. Kb3 Rd8 83. c6 Bf7+ 84. Kb4 Rd4+ 85. Ka5 1-0

[Event "USA & EUROPE"]
[Site "http://www.queenalice.com/game.php?id=1620320"]
[Date "2020.7.14"]
[Round "2"]
[White "priit57"]
[Black "Robi"]
[Result "0-1"]
[WhiteElo "2704"]
[BlackElo "2754"]

1. d4 Nf6 2. e3 b6 3. Nc3 d5 4. Nf3 Bb7 5. a4 a6 6. g3 e6 7. Ne2 c5 8. Bg2 Nbd7
9. O-O Qc7 10. b3 Rc8 11. Bb2 cxd4 12. Nexd4 e5 13. Ne2 Rd8 14. Qd2 Bc5 15. Ne1
O-O 16. Nd3 Rfe8 17. a5 h6 18. Qc3 Qb8 19. Qd2 Qc8 20. Qc1 b5 21. Nxc5 Nxc5 22.
f3 d4 23. exd4 e4 24. Nf4 exf3 25. Bxf3 Bxf3 26. Rxf3 Nce4 27. c4 Ng5 28. Rf1
bxc4 29. bxc4 Re4 30. d5 Nh5 31. Nxh5 Qc5+ 32. Bd4 Qxd4+ 33. Kh1 Rxd5 34. Nf4
Rde5 35. Qc2 Qd7 36. Rad1 Qc7 37. Qd3 Rxc4 38. Qd8+ Qxd8 39. Rxd8+ Kh7 40. Rf2
Rxa5 41. Rd7 Ne4 42. Re2 Rf5 43. Nd3 a5 44. Kg2 a4 45. Nb2 Rb4 46. Nd3 Nc3 47.
Nxb4 Nxe2 48. Ra7 Nc3 49. Nd3 Rd5 50. Nf4 Rb5 51. Nd3 Rb1 52. h4 Ra1 53. Rc7 Nb5
54. Rc5 Rb1 55. Nc1 Kg6 56. Rc6+ Kf5 57. Ne2 a3 58. Ra6 Ke4 59. Ra4+ Kd3 60.
Nf4+ Kc2 61. Nd5 Rb3 0-1

[Event "Kasker 5"]
[Site "http://www.queenalice.com/game.php?id=1779102"]
[Date "2022.1.3"]
[Round "1"]
[White "priit57"]
[Black "RaulSoft"]
[Result "1/2-1/2"]
[WhiteElo "2695"]
[BlackElo "2730"]

1. e4 e5 2. Nc3 Nc6 3. Nf3 Nf6 4. d4 exd4 5. Nxd4 Bc5 6. Be3 Bb6 7. Qd2 O-O 8.
O-O-O Re8 9. f3 d5 10. exd5 Nxd5 11. Bg5 Nde7 12. Nxc6 Qxd2+ 13. Bxd2 Nxc6 14.
Bb5 a6 15. Rhe1 Be6 16. Bxc6 bxc6 17. Re4 f6 18. b3 h5 19. Be3 Ba5 20. Kb2 Bf5
21. Rxe8+ Rxe8 22. Bc5 Bxc3+ 23. Kxc3 Re2 24. Rd2 Rxd2 25. Kxd2 Kf7 26. Bb4 Ke8
27. Kc1 Be6 28. Kd2 Bf5 29. Kc1 Bh7 30. Ba3 Bf5 31. Kd2 g6 32. Bc5 Kd7 33. Kc3
g5 34. g3 Ke6 35. Ba3 g4 36. fxg4 hxg4 37. Kd2 Kd7 38. Kc3 Be4 39. Kd2 f5 40.
Kc3 Ke6 41. Bf8 Kd5 42. Kd2 c5 43. c4+ Kc6 44. Kc3 Bg2 45. Bh6 a5 46. a4 Kb6 47.
Kd2 1/2-1/2

[Event "Kasker 5"]
[Site "http://www.queenalice.com/game.php?id=1786187"]
[Date "2022.4.2"]
[Round "2"]
[White "Ahlkhanvio"]
[Black "priit57"]
[Result "1/2-1/2"]
[WhiteElo "2651"]
[BlackElo "2701"]

1. d4 d5 2. c4 e6 3. Nc3 c6 4. e3 Nf6 5. Nf3 Nbd7 6. Bd3 dxc4 7. Bxc4 b5 8. Bd3
a6 9. e4 c5 10. e5 cxd4 11. Nxb5 axb5 12. exf6 gxf6 13. O-O Qb6 14. Qe2 b4 15.
Rd1 Bc5 16. a4 bxa3 17. bxa3 Ba6 18. a4 Bxd3 19. Qxd3 O-O 20. Nxd4 Ne5 21. Qg3+
Ng6 22. Be3 f5 23. a5 Rxa5 24. Rab1 f4 25. Bxf4 Ra3 26. Rxb6 Rxg3 27. Rbb1 Ra3
28. Be3 Rc8 29. g3 Rc3 30. Kg2 1/2-1/2

[Event "Kasker 5"]
[Site "http://www.queenalice.com/game.php?id=1814356"]
[Date "2023.6.19"]
[Round "4"]
[White "Sexxy_Bunny"]
[Black "priit57"]
[Result "1/2-1/2"]
[WhiteElo "2743"]
[BlackElo "2706"]

1. e4 e5 2. Nf3 Nc6 3. Bb5 Nf6 4. O-O d6 5. d4 exd4 6. Nxd4 Bd7 7. Nc3 Be7 8.
Bxc6 bxc6 9. Qf3 O-O 10. b3 Re8 11. Re1 d5 12. exd5 cxd5 13. h3 c6 14. Bg5 h6
15. Bh4 Qb6 16. Rad1 Qb4 17. Re3 Bd8 18. Rxe8+ Nxe8 19. Bxd8 Rxd8 20. Nde2 Nf6
21. Qf4 Qa3 22. Rd3 Re8 23. Rf3 a5 24. Re3 Rxe3 25. Qxe3 Qb4 26. Qa7 Kh7 27. Qe3
c5 28. Qd3+ Kg8 29. Nxd5 Nxd5 30. Qxd5 Qe1+ 31. Kh2 Qxe2 32. Qxd7 Qxf2 33. Qc8+
Kh7 34. Qc7 f6 35. a3 Qd4 36. Qg3 Qd2 37. c3 h5 38. Qf3 Kh6 39. h4 Qd6+ 40. Qg3
Qd2 41. Qf3 Qd6+ 42. Kg1 g5 43. b4 axb4 44. hxg5+ fxg5 45. axb4 cxb4 46. cxb4
Qd4+ 47. Kh1 Qxb4 48. Qf6+ Kh7 49. Qf7+ Kh6 50. Qf6+ Kh7 51. Qf7+ Kh6 52. Qf6+
1/2-1/2